LEADER 01298nam a2200313 a 4500 001 000000145332 003 CaOOAMICUS 005 20150901121528.0 008 150901s1990 it u000 u ita r 020 $z88-315-0231-X* 040 $aPUL$bita 100 1 $aSarnataro, Ciro.$0(OLS)http://pul/name/5838 245 10$aA che punto siamo con la fede? /$cCiro Sarnataro, Giovanni Giusti. 260 $a[S.l.] :$bEdizioni Paoline ;$aMilano :$bFiglie di San Paolo,$c1990. 300 $a175 p. ;$c23 cm 490 1 $aCristiani adulti ;$v02 504 $aBibliografia in nota. 650 4$aFede.$0(OLS)http://pul/subject/668 700 1 $aGiusti, Giovanni.$0(OLS)http://pul/name/93078 830 0$aCristiani adulti ;$v02.$0(OLS)http://pul/title/183783 850 $aPUL 852 $aPUL$W1$xDP1 Fondo S. Lanza$y121$m3 M 69.2$j168079$qFondi$B168654$CPULBib$Z2$F168654 $HLan2568 $82 941 1 $a1 961 $aNota ms. di possesso: Sergio Lanza 996 $6020$z88-315-0231-X*$9(OLS)http://pul/number/158417 996 $6245$aA che punto siamo con la fede?$9(OLS)http://pul/title/183784 996 $6260$a[S.l.] :$bEdizioni Paoline$9(OLS)http://pul/publisher/54991 996 $6260$aMilano :$bFiglie di San Paolo$9(OLS)http://pul/publisher/61975 LEADER 01280nam a2200289 a 4500 001 000000104394 003 CaOOAMICUS 005 20070321135942.0 008 070321s2005 it 000 0 ita d 020 $a88-213-0593-7 040 $aPUG$bita$dPUL$dLDB 100 1 $aGallo, Luis Antonio.$0(OLS)http://pul/name/12671 245 13$aIl cammino del Vangelo nel continente della speranza /$cLuis A. Gallo. 260 $aRoma :$bLAS,$cc2005. 300 $a223 p. ;$c24 cm 490 1 $aBiblioteca di scienze religiose ;$v192 504 $aContiene riferimenti bibliografici. 650 14$aMissioni$zAmerica Latina.$0(OLS)http://pul/subject/8170 830 0$aBiblioteca di scienze religiose (Libreria Ateneo salesiano) ;$v192.$0(OLS)http://pul/title/491 850 $aPUL 852 $aPUL$W1$xSL Religione 2$y84$mTheol A3 192$j116775$qStampati Altre collocazioni$B116768$CPULBib$Z2$F116768 $H101837 $82 941 1 $a10 983 0$aNuova biblioteca di scienze religiose. 983 0$aBiblioteca di scienze religiose (LAS) 996 $6020$a88-213-0593-7$9(OLS)http://pul/number/133929 996 $6245$aIl cammino del Vangelo nel continente della speranza$9(OLS)http://pul/title/131300 996 $6260$aRoma :$bLAS$9(OLS)http://pul/publisher/48069